| 000 | 00688nam a2200217 a 4500 | ||
|---|---|---|---|
| 003 | MX-MxUPN | ||
| 005 | 20240611095318.0 | ||
| 008 | 991125s1939 mx a r 000 0 spa d | ||
| 035 | _aUPN01000007828 | ||
| 040 |
_aMX-MxUPN _bspa _cMX-MxUPN |
||
| 041 | 0 | _aspa | |
| 050 | 1 | 4 |
_aQ181 A2 _bL8.2 1939 |
| 100 | 1 |
_aLeal, Mario _928969 |
|
| 245 | 1 | 0 |
_aCiencias físicas y naturales : _bpara la enseñanza primaria superior |
| 250 | _aOctava edición. | ||
| 260 |
_aMéxico : _bProgreso, _c1939. |
||
| 300 |
_a336 páginas : _bilustraciones |
||
| 650 | 4 |
_aCiencias naturales _xEstudio y enseñanza (Secundaria) _97979 |
|
| 650 | 4 |
_aCiencias naturales _vLibros de texto _910151 |
|
| 942 |
_2lcc _cLIBRO |
||
| 999 |
_c7828 _d7828 |
||